00782nam a2200229Ia 450000100060000000300090000600800410001504000130005604000130006904100130008210000200009510000290011524500440014424500230018825000110021126000450022226000490026730000410031650001450035765000190050265000310052135626IT-RoPAU130308s9999 xx 000 0 und d aIT-RoPAU cIT-RoPAU aITALIANO aVezzani Lorenzo gCodice Aut. SPICS: 1405 aAnalisi del Don Giovanni di W.A. Mozart bSaggi Sulla Musica a1a ed. bs.e. (senza Editrice o non identificata) c1986 [1° Ed.:1986 - Ed.Ling.Originale:1987] a"18 p. (prefazione: no ; testo: 18)" aOpera nel suo Ambiente Storico Nascita e fortuna del Don Giovanni caratteristiche stilistiche Dell…Opera Analisi del N.4 Aria del Catalogo aSAGGI MUSICALI eCodice materia Spics: 7011